<?xml version="1.0" encoding="UTF-8"?>
<record
    xmlns:xsi="http://www.w3.org/2001/XMLSchema-instance"
    xsi:schemaLocation="http://www.loc.gov/MARC21/slim http://www.loc.gov/standards/marcxml/schema/MARC21slim.xsd"
    xmlns="http://www.loc.gov/MARC21/slim">

  <leader>00685nam a2200217Ia 4500</leader>
  <datafield tag="999" ind1=" " ind2=" ">
    <subfield code="c">34966</subfield>
    <subfield code="d">34966</subfield>
  </datafield>
  <controlfield tag="001">799</controlfield>
  <controlfield tag="003">GE_BSU</controlfield>
  <controlfield tag="005">20211122132705.0</controlfield>
  <controlfield tag="008">181216s2006||||ru |||||||||||||| ||rus||</controlfield>
  <datafield tag="020" ind1=" " ind2=" ">
    <subfield code="a">5946870106</subfield>
  </datafield>
  <datafield tag="040" ind1=" " ind2=" ">
    <subfield code="c">GE_BSU</subfield>
  </datafield>
  <datafield tag="041" ind1=" " ind2=" ">
    <subfield code="a">rus</subfield>
  </datafield>
  <datafield tag="080" ind1=" " ind2=" ">
    <subfield code="a">658  &#x410;-45</subfield>
  </datafield>
  <datafield tag="100" ind1=" " ind2=" ">
    <subfield code="a">&#x410;&#x43B;&#x435;&#x448;&#x438;&#x43D;&#x430;, &#x418;. &#x412;.</subfield>
    <subfield code="9">12875</subfield>
  </datafield>
  <datafield tag="245" ind1=" " ind2=" ">
    <subfield code="a">&#x41F;&#x430;&#x431;&#x43B;&#x438;&#x43A; &#x420;&#x438;&#x43B;&#x435;&#x439;&#x448;&#x43D;&#x437; :</subfield>
    <subfield code="b">&#x414;&#x43B;&#x44F; &#x43C;&#x435;&#x43D;&#x435;&#x434;&#x436;&#x435;&#x440;&#x43E;&#x432;. &#x41A;&#x443;&#x440;&#x441; &#x43B;&#x435;&#x43A;&#x446;&#x438;&#x438;. &#x423;&#x447;&#x435;&#x431;&#x43D;&#x438;&#x43A; /</subfield>
    <subfield code="c">&#x418;.&#x412;. &#x410;&#x43B;&#x435;&#x448;&#x438;&#x43D;&#x430;.</subfield>
  </datafield>
  <datafield tag="264" ind1=" " ind2=" ">
    <subfield code="a">&#x41C;&#x43E;&#x441;&#x43A;&#x432;&#x430; :</subfield>
    <subfield code="b">&#x418;&#x41A;&#x424;"&#x42D;&#x41A;&#x41C;&#x41E;&#x421;'',</subfield>
    <subfield code="c">2006.</subfield>
  </datafield>
  <datafield tag="300" ind1=" " ind2=" ">
    <subfield code="a">480 &#x441;&#x442;&#x440;.</subfield>
  </datafield>
  <datafield tag="653" ind1=" " ind2=" ">
    <subfield code="a">&#x41E;&#x442;&#x43D;&#x43E;&#x448;&#x435;&#x43D;&#x438;&#x44F; &#x441; &#x43E;&#x431;&#x449;&#x435;&#x441;&#x442;&#x432;&#x435;&#x43D;&#x43D;&#x43E;&#x441;&#x442;&#x44C;&#x44E;</subfield>
  </datafield>
  <datafield tag="653" ind1=" " ind2=" ">
    <subfield code="a">&#x41F;&#x430;&#x431;&#x43B;&#x438;&#x43A; &#x420;&#x438;&#x43B;&#x435;&#x439;&#x448;&#x43D;&#x437;</subfield>
  </datafield>
  <datafield tag="942" ind1=" " ind2=" ">
    <subfield code="c">BK</subfield>
    <subfield code="2">udc</subfield>
  </datafield>
  <datafield tag="952" ind1=" " ind2=" ">
    <subfield code="0">0</subfield>
    <subfield code="1">0</subfield>
    <subfield code="2">udc</subfield>
    <subfield code="4">0</subfield>
    <subfield code="6">658_&#x410;45</subfield>
    <subfield code="7">0</subfield>
    <subfield code="9">33214</subfield>
    <subfield code="a">CPL</subfield>
    <subfield code="b">CPL</subfield>
    <subfield code="c">GEN</subfield>
    <subfield code="d">2018-12-17</subfield>
    <subfield code="g">15.00</subfield>
    <subfield code="o">658  &#x410;-45</subfield>
    <subfield code="p">1029</subfield>
    <subfield code="r">2018-12-17</subfield>
    <subfield code="t">1029</subfield>
    <subfield code="w">2018-12-17</subfield>
    <subfield code="y">BK</subfield>
    <subfield code="z">15 &#x10DA;.</subfield>
  </datafield>
</record>
